000 00491nam a2200181 i 4500
001 45712
003 ES-MaACL
005 20260106063014.0
007 t|
008 030326s1971 sp ||||1| spa d
100 1 _aColomer, Eusebi,
_d1923-1997
_939844
245 1 0 _aDios no puede morir /
_cEusebi Colomer.
250 _a1ยช ed.
260 _aBarcelona :
_bNova Terra,
_c[1970]
300 _a263 p. ;
_c20 cm.
852 _aES-MaACL
_jC-47008
_bR.76109
999 _c45712
_d45712